| 000 | 01762nam a2200385 i 4500 | ||
|---|---|---|---|
| 001 | 000009050 | ||
| 003 | DO-SdBNP | ||
| 005 | 20260306100321.0 | ||
| 007 | ta | ||
| 008 | 090925t1997 dr 000 p spa d | ||
| 040 |
_aDO-SdBNP _bspa _cBNPHU _espa |
||
| 041 | _aspa | ||
| 082 | 4 |
_aRD861.4409 _bM632zC _222 |
|
| 100 | 1 |
_aCéspedes, Diógenes, _d1941- _eautor _4aut. _920548 |
|
| 245 | 1 | 3 |
_aLa poética de Franklin Mieses Burgos / _cDiógenes Céspedes ; presentación, Roberto Saladín Selin. |
| 264 | 1 |
_aSanto Domingo : _bBanco de Reservas de la República Dominicana, _c1997. |
|
| 300 |
_a157 páginas ; _c23 cm. |
||
| 336 |
_atexto _btxt _2rdacontent |
||
| 337 |
_asin mediación _bn _2rdamedia |
||
| 338 |
_avolumen _bnc _2rdacarrier |
||
| 490 | 1 | _aBanreservas | |
| 490 | 1 |
_aLiteratura _v4 |
|
| 500 | _aIncluye datos biográficos del autor en la solapas. | ||
| 500 | _aIncluye referencias bibliográficas y notas al pie de páginas. | ||
| 505 | 0 | 0 |
_aPresentación / _rRoberto Saladín Selin -- _tProblemas de recepción -- _tLa recepción dominicana de Mieses Burgos -- _tPolítica de la poética de Mieses Burgos: lectura de algunos poemas -- _tLa escritura grande -- _tConclusión perentoria -- _tLa ciudad inefable: preparación del héroe -- _tMieses Burgos en el recuerdo. |
| 590 | _aInventariado, 2019/LP | ||
| 600 | 1 | 0 |
_aMieses Burgos, Franklin, _d1907-1976 _xCrítica e interpretación _91952 |
| 650 | 4 |
_aPoesía dominicana _xHistoria y crítica _913072 |
|
| 650 | 4 |
_aLiteratura dominicana. _967 |
|
| 650 | 4 |
_aAutores dominicanos _xCrítica e interpretación _9158 |
|
| 700 | 1 |
_aSaladín Selin, Roberto, _epresentación _4pre. _923694 |
|
| 830 | 0 |
_aBanreservas _923246 _pLiteratura _v4 |
|
| 910 | _aValidado. Control de calidad EMS. | ||
| 942 |
_2ddc _cLBS1 |
||
| 999 |
_c8814 _d8814 |
||